| 000 | 00695nam a22002177a 4500 | ||
|---|---|---|---|
| 005 | 20170124110254.0 | ||
| 010 | _aA-679891 | ||
| 020 | _c00.00 | ||
| 035 | _aA-679891 | ||
| 037 | _bCen Lib/Ret | ||
| 040 |
_aDPL _bEN |
||
| 082 |
_a370.71 _bVAS |
||
| 100 |
_aVasant Nagpure _917619 |
||
| 245 |
_aTeacher-education at secondary level / _cby Vasant Nagpure |
||
| 260 |
_aBombay _bHimalaya Publishing House _c1992 |
||
| 270 |
_bBombay _a"Ramdoot" Dr. Bhalerao Marg, Girgaon _e400004 |
||
| 300 |
_axv,186p. _c21cm(Hb) |
||
| 650 |
_aHigh school teachers -- Training of -- India _917620 |
||
| 650 |
_aHigh school teachers -- Training of _917621 |
||
| 942 |
_2ddc _cEN _h370.71 _mVAS |
||
| 999 |
_c136122 _d136122 |
||